حركة عدم الانحياز فى عالم متغير (Record no. 14059)
[ view plain ]
| 000 -الفاتح | |
|---|---|
| حقل البيانات ثابتة الطول | 00680nam a22001817a 4500 |
| 008 - عناصر البيانات ثابتة الطول - معلومات عامة | |
| حقل البيانات ثابتة الطول | 100603t1987 xxu||||g |||| 000 0 ara d |
| 020 ## - الرقم الدولى المعيارى للكتب | |
| الرقم الدولى المعيارى للكتاب | 9770114529 |
| 082 ## - رقم تصنيف ديوى العشرى | |
| رقم الطبعة | 22 |
| رقم التصنيف | 341.64 |
| رقم المادة | ج لا ل |
| 245 ## - بيان العنوان | |
| العنوان | حركة عدم الانحياز فى عالم متغير |
| 260 ## - PUBLICATION, DISTRIBUTION, ETC. (IMPRINT) | |
| مكان الناشر او الموزع | القاهرة: |
| اسم الناشر او الموزع | الهيئة المصرية العامة للكتاب، |
| تاريخ النشر أو التوزيع | 1978. |
| 300 ## - الوصف المادى | |
| التعداد | 183 ص. |
| أبعاد الوعاء | 24 سم. |
| 440 ## - | |
| -- | 14579 |
| -- | (الألف كتاب الثاني ؛47) |
| 500 ## - تبصرة عامة | |
| تبصرة عامة | إهداء من الدكتور علاء عبد الغنى |
| 650 ## - المدخل الاضافى بالموضوع-مصطلح موضوعى | |
| 9 (RLIN) | 14581 |
| مصطلح موضوعي أو اسم جغرافي كعنصر مدخل | الأمن الدولي |
| 650 ## - المدخل الاضافى بالموضوع-مصطلح موضوعى | |
| 9 (RLIN) | 14582 |
| مصطلح موضوعي أو اسم جغرافي كعنصر مدخل | المنظمات الدولية |
| 650 ## - المدخل الاضافى بالموضوع-مصطلح موضوعى | |
| 9 (RLIN) | 14583 |
| مصطلح موضوعي أو اسم جغرافي كعنصر مدخل | الحياد |
| 942 ## - عناصر المدخل الإضافي( كوها) | |
| مصدر التصنيف او مخطط الترفيف | Dewey Decimal Classification |
| Koha [default] item type | Book - Borrowing |
| حالة التراجع | حالة الفقد | مصدر التصنيف او خطة الترفيف | حالة تلف | ليس للاعارة | مجموعات كوها | المكان الدائم | المكان الحالي | موقع الترفيف | تاريخ الاكتساب | Source of acquisition | رقم الاستدعاء | الباركود | Date last seen | نوع الوعاء |
|---|---|---|---|---|---|---|---|---|---|---|---|---|---|---|
| Dewey Decimal Classification | Central Library | Central Library | First floor | 03/06/2010 | Donation | 341.64 جلا | 000020378 | 15/07/2025 | Book - Borrowing |